000 00355nam a2200145Ia 4500
008 220216s9999 xx 000 0 und d
100 _aPatel M M
245 0 _aInnovative trends in polymer blends
260 _bRubber Asia
_c1996
300 _a65-69
650 _aModified rubbers
650 _aPolymer blends
650 _aSilica filler
942 _cJS
999 _c61430
_d61430